adopt me pets in my inventory - Statistics

General Stats
  • This quiz has been taken 12 times
    10 since last reset
  • The average score is 68 of 177
Answer Stats
pets % Correct
cat
100%
dog
100%
turtle
100%
alicorn
67%
ancient dragon
67%
ant
67%
bullfrog
67%
chick
67%
cocoadile
67%
corgi
67%
donkey
67%
frog
67%
jumping spider
67%
mochi meow
67%
onza
67%
orangutan
67%
parakeet
67%
penguin
67%
poodle
67%
quetzalcoatl
67%
red fox
67%
red panda
67%
sea turtle
67%
spider crab
67%
sting ray
67%
tegu
67%
tree frog
67%
2021 uplift butterfly
33%
angus bull
33%
angus calf
33%
angus cow
33%
australian kelpie
33%
aye aye
33%
badger
33%
bakeneko
33%
baku
33%
bandicoot
33%
basilisk
33%
beaver
33%
black-footed ferret
33%
black rhino
33%
black tiger
33%
bluebottle fly
33%
buffalo
33%
bunny
33%
business monkey
33%
california condor
33%
camel
33%
chanekeh
33%
cherub chipmunk
33%
chickatrice
33%
chilling spider
33%
chocolate labrador
33%
christmas spirit
33%
clownfish
33%
cozy mistletroll
33%
crab
33%
diamond unicorn
33%
dingo
33%
dire wolf
33%
dolphin
33%
dragonfly
33%
dugong
33%
easter bunny
33%
ehecatl
33%
emu
33%
ermine
33%
evil basilisk
33%
fallow deer
33%
fennec fox
33%
fire foal
33%
frozen penguin
33%
galapagos sea lion
33%
ghost wolf
33%
gila monster
33%
gingerbread reindeer
33%
ginger cat
33%
golden dragon
33%
golden griffin
33%
ground sloth
33%
gumball caterpillar
33%
gummy guana
33%
hammerhead shark
33%
hawk
33%
hopbop
33%
humbug
33%
ibis
33%
icy porcupine
33%
indian leopard
33%
irish elk
33%
japanese snow fairy
33%
kakapo
33%
kirin
33%
kitty bat
33%
koi carp
33%
leopard cat
33%
lunar ox
33%
maine coon
33%
maneki-neko
33%
metal ox
33%
mexican wolf
33%
milk chocobunny
33%
monkey
33%
mouse
33%
mule
33%
muskrat
33%
narwhal
33%
ninja monkey
33%
octopus
33%
old king coal
33%
orca
33%
otter
33%
ox
33%
pangolin
33%
patchy bear
33%
persian cat
33%
pine marten
33%
pomeranian
33%
puma
33%
rabbit
33%
rat
33%
red cardinal
33%
red crowned crane
33%
reindeer
33%
rhino beetle
33%
ribbon seal
33%
robin
33%
robot
33%
rock pigeon
33%
sado mole
33%
salamander
33%
samoyed
33%
scarecrow horse
33%
scarlet butterfly
33%
seahorse
33%
shetland pony dark brown
33%
shetland pony white
33%
shiba inu
33%
shih tzu
33%
sloth
33%
slug
33%
sneak weasel
33%
snorgle
33%
snowball pug
33%
snow cat
33%
snowman
33%
snow owl
33%
snow puma
33%
space whale
33%
starfish
33%
starmite
33%
stegosaurus
33%
swordfish
33%
tanuki
33%
tarantula
33%
tasmanian tiger
33%
the black dog
33%
therapy dog
33%
toucan
33%
toy monkey
33%
toy poodle
33%
tree sasquatch
33%
triceratops
33%
turtle doves
33%
waffle wyrm
33%
water opossum
33%
weevil
33%
whale
33%
wolf
33%
wolpertinger
33%
woodpecker
33%
wren
33%
yellow butterfly
33%
yellow-lipped sea krait
33%
zebra
33%
mrs whiskerpips
0%
white chocobunny
0%
No matching quizzes found
Score Distribution
Percent of People with Each Score
Percentile by Number Answered
Your Score History
You have not taken this quiz since the last reset